Top 50 Baby Girl Names Beginning with W - Statistics

General Stats
  • This quiz has been taken 172 times
  • The average score is 20 of 50
Answer Stats
Hint Answer % Correct
20 Wynn
93%
37 Wynne
93%
12 Wendy
87%
1 Willow
83%
50 Wyllow
83%
7 Winnie
76%
3 Willa
72%
4 Wren
61%
36 Wrenn
61%
33 Wilma
59%
11 Winifred
57%
24 Winnifred
57%
13 Winona
55%
2 Winter
55%
43 Wynona
55%
30 Wynonna
55%
5 Wynter
55%
9 Whitney
53%
14 Wilhelmina
51%
40 Willamina
51%
49 Wesleigh
46%
15 Wesley
46%
39 Weslie
46%
47 Waverley
41%
6 Waverly
41%
48 Wiley
35%
26 Wylie
35%
18 Wyatt
31%
19 Wednesday
26%
25 Walker
24%
38 Waylon
23%
29 Waylynn
23%
16 Wrenlee
20%
41 Wrenleigh
20%
8 Wrenley
20%
22 Wrenly
20%
32 Whitlee
18%
10 Whitley
18%
23 Winslow
14%
21 Wilder
13%
27 Weslyn
11%
28 Weslynn
11%
31 Wisdom
11%
34 Westlyn
10%
44 Westlynn
10%
45 Wrenna
10%
46 Wrigley
6%
35 Windsor
5%
17 Winry
5%
42 Winsley
5%
No matching quizzes found
Score Distribution
Percent of People with Each Score
Percentile by Number Answered
Your Score History
You have not taken this quiz